00761nam a2200205 a 450000100100000000500170001000800410002704000250006808200200009310000440011324500450015726000710020230000200027359000260029365000280031965000310034791000420037895201180042099900170053800001032620240412074217.0091006s1972 dr 000 p spa d aDO-SdBNPbspacBNPHU aRD861.44bD676g1 aDonastorg, Tarquino,d1906 -198992513910aGramas del camino /cTarquino Donastorg. aSan Pedro de Macorís, República Dominicana :bEsfuerzo,c1972. a84 p. ;c21 cm. aInventariado, 2018/BT 0aPoesía dominicana966 0aLiteratura dominicana.967 aValidado. Control de calidad. MMOLINA 0010718PDaPDbPDcHDd2009-10-06iLF1l0oRD861.44 D676gp10326-10r2020-06-25w2020-06-25yLFPDZNo se presta c10085d10085